000 00628nam a2200169Ia 4500
003 GCL
005 20240530105428.0
008 140319s9999 xx 000 0 ara d
040 _aGCL /
_cGCL
082 0 4 _a301.32
_bم ت
100 0 _4محمد عباس ابراهيم
245 1 0 _aالتصنيع والمدن الجديدة:
_bدراسة انثيرويولوجية لمدينة كيما بأسوان /
_cمحمد عباس ابراهيم
260 _a[S.N] :
_bدار المعرفة الجامعية ،
_c1986
300 _a259 ص
490 _aالسلسلة السوسيوانثيرويولوجية
_v0
942 _2ddc
_cBK
999 _c55957
_d55957